Statistiques concernant Janvier

Cliquez ici pour prendre le quiz!

Statistiques générales

  • Ce quiz a été pris 72 fois
  • Le résultat moyen est 4 sur 11

Statistiques - réponses

QuestionsRéponses% Correct
Dans les calendriers grégoriens et julien janvier est le ______ mois de l’année.Premier
100%
Il y a __ jours dans le mois de janvier.31
98%
Dans le calendrier de Numa ainsi que dans le calendrier romain républicain janvier possède __ jours.29
68%
Mon nom provient du nom du dieu romain ______, le dieu qui possède deux visages, dieu des commerçants et des fins, des choix, des clés et des portes.Janus
39%
Le ______ est la couleur du mois de janvier.Violet
32%
Le roi ______ ___ impose le début de l’année en janvier suite à l’Édit du Roussillon en 1564.Charles IX
20%
Le pape ________ ___ étend cette mesure à l’ensemble de la chrétienté avec l’adoption du calendrier grégorien en 1582.Grégoire XIII
15%
Le dicton du mois de janvier est «Calme et claire nuit de l'an, à ______ année donne l'élan. ».Bonne
14%
L’œillet commun et le ______-_______ sont les fleurs associées au mois de janvier.Perce-neige
9%
Le roi ____ ________ aurait, vers 713 av. J.-C. ajouté les mois de janvier et de février dans le calendrier.Numa Pompilius
8%
Le ______ est la pierre associée au mois de janvier.Grenat
2%

Distribution des résultats

Percentile par nombre de réponses

% des personnes avec chaque résultat

Votre développement - résultats

Vous n’avez pas pris ce quiz